Poesías líricas

Shranjeno v:
Bibliografske podrobnosti
Glavni avtor: Vega, Lope de (Author)
Format: Knjiga
Jezik:španščina
Izdano: Madrid Espasa Calpe 1941
Serija:Clásicos Castellanos, 68-75
Teme:
Oznake: Označite
Brez oznak, prvi označite!

MARC

LEADER 00000nam a2200000 a 4500
001 UCX5227
003 CL-VaPUC
008 921008e19410000SP |||||||||||||||||spa|d
082 0 4 |a 861  |b VEG  |2 21 
100 0 |a Vega, Lope de  |e author  |9 319628 
245 1 0 |a Poesías líricas 
300 |a 2 v 
942 |c BK 
945 |d 19921008 00:00:00 
260 |a Madrid  |b Espasa Calpe  |c 1941 
500 |a v.2: Canciones, epístolas, romances, poemas diversos 
650 0 |a Poesías españolas  |9 265100 
583 |a last modification  |c 19921008 00:00:00  |k Rodrigo Vera 
490 0 |a Clásicos Castellanos, 68-75 
999 |c 225524  |d 225522 
952 |0 0  |1 0  |4 0  |6 861_000000000000000_VEG_1941  |7 0  |8 A  |9 223102  |a FDOPOS  |b FDOPOS  |d 2019-11-15  |h v.1  |i 2919494  |o 861 VEG 1941  |p 2919494  |r 2023-08-09  |w 2019-11-15  |y BK  |k MLH 
952 |0 0  |1 0  |4 0  |6 861_000000000000000_VEG_1941  |7 0  |8 A  |9 223103  |a FDOPOS  |b FDOPOS  |d 2019-11-15  |h v.2  |i 2919508  |o 861 VEG 1941  |p 2919508  |r 2023-08-09  |w 2019-11-15  |y BK  |k MLH 
952 |0 0  |1 0  |4 0  |6 861_000000000000000_VEG_1941  |7 0  |8 A  |9 223104  |a FDOPOS  |b FDOPOS  |d 2019-11-15  |h v.1  |i 2919516  |o 861 VEG 1941  |p 2919516  |r 2023-08-09  |w 2019-11-15  |y BK  |k MLH 
952 |0 0  |1 0  |4 0  |6 861_000000000000000_VEG_1941  |7 0  |8 A  |9 223105  |a FDOPOS  |b FDOPOS  |d 2019-11-15  |h v.2  |i 2919524  |o 861 VEG 1941  |p 2919524  |r 2023-08-09  |w 2019-11-15  |y BK  |k MLH 
952 |0 0  |1 0  |4 0  |6 861_000000000000000_VEG_1941  |7 0  |8 A  |9 223106  |a BIBART  |b BIBART  |d 2019-11-15  |i 4203003  |o 861 VEG 1941  |p 4203003  |r 2023-01-11  |w 2019-11-15  |y BK  |k ART